Empresa J López consultores, diseño & construcción
El presente documento tiene el objetivo de aplicar y consolidar los conocimientos teóricos prácticos así como desarrollar las habilidades y destrezas adquiridas durante los años de formación de la carrera de arquitectura por medio de la realización de prácticas profesional.
| Main Author: | |
|---|---|
| Other Authors: | |
| Format: | Tesis Section = Libro |
| Language: | Undetermined Spanish |
| Published: |
Managua, Nicaragua
UNI
2018
|
| Subjects: |
| LEADER | 01072nam a2200253Ia 4500 | ||
|---|---|---|---|
| 008 | 240830s9999 xx 000 0 und d | ||
| 040 | |a BIBLIOTECA-RUSB/ Mon 721 S731 | ||
| 041 | |a spa | ||
| 082 | |a Mon 721 S731 | ||
| 100 | 1 | |a Soza Moncada Lesbia María | |
| 245 | 1 | 0 | |a Empresa J López consultores, diseño & construcción |
| 260 | |a Managua, Nicaragua |b UNI |c 2018 | ||
| 300 | |a 74 p. :il. | ||
| 500 | |a Contiene: Informe de prácticas profesionales y CD. | ||
| 502 | |a Tesis (Arquitecto) - UNI, 2018. | ||
| 520 | 3 | |a El presente documento tiene el objetivo de aplicar y consolidar los conocimientos teóricos prácticos así como desarrollar las habilidades y destrezas adquiridas durante los años de formación de la carrera de arquitectura por medio de la realización de prácticas profesional. | |
| 650 | 7 | |a DISEÑO ARQUITECTÓNICO | |
| 650 | 7 | |b ARQUITECTURA- DISEÑO Y PLANOS | |
| 650 | 7 | |c PRÁCTICAS PROFESIONALES | |
| 650 | 7 | |d FORMACIÓN PROFESIONAL | |
| 700 | 1 | |a Tutor: |b Amador Mora, Karla | |
| 942 | |c BK |2 ddc | ||
| 991 | |a TESIS | ||
| 999 | |c 21188 | ||